Compliance Trabalhista

Bibliographic Details
Main Author: Carloto, Selma
Format: eBook
Language:Portuguese
Published: San Pablo: LTR, 2019
Subjects:
Online Access:Acceso restringido

MARC

LEADER 00000nam a22000007a 4500
005 20220408211943.0
007 cr|||| ||||
008 220408s2019 br |||||s|||| 00||0 por d
020 |a 978-85-301-0116-9 
035 |a 36043 
040 |a vLex 
090 |c 13137  |d 13137 
100 1 |a Carloto, Selma 
245 1 0 |a Compliance Trabalhista  |h [Recurso electrn̤ico] /  |c Selma Carloto 
256 |a Servicio en ln̕ea 
260 |a San Pablo:  |b LTR,  |c 2019 
300 |a 1 recurso electrn̤ico 
500 |a O compliance trabalhista ̌uma cultura que deve partir da alta administraȯ̂, ̌uma meta empresarial. As empresas devem estar em compliance, se adequando s̉ leis, regulamentos e princp̕ios, para evitar sanė̳s como multas e altas condenaė̳s no judicir̀io. Por meio de vr̀ias ferramentas de compliance trabalhista o leitor aprender ̀como reduzir e evitar passivos trabalhistas dentro das empresas. As ferramentas consistem, entre outras, em canais de denn︢cia, regulamentos internos, cd̤igos de ťica e conduta, treinamentos e palestras, polt̕icas de advertn̊cias, relatr̤ios e avaliaė̳s de desempenho 
506 1 |a Disponible solo en los productos indicados  |d vLex Global  |d vLex Global (Academic Edition, excluding Law Schools)  |d vLex Global (U.S. Academic Edition, Law Schools)  |d vLex Global (U.S. Academic Edition, excluding Law Schools)  |d vLex Global (Academic Edition, Law Schools) 
650 0 4 |a Derecho Laboral y Seguridad Social  |z Brasil 
740 0 |a vLex Libros (Servicio en ln̕ea) 
856 4 0 |u https://app.vlex.com/#/sources/36043  |z Acceso restringido 
942 |c BOOK 
999 0 |a Labor law and social security